[Event "Avoine op 34th"]
[Site "Avoine"]
[Date "2019.07.24"]
[Round "5"]
[White "De Lussac, Rainier"]
[Black "Maiorov, Nikita"]
[Result "0-1"]
[WhiteElo "2153"]
[BlackElo "2522"]
[PlyCount "87"]
[EventDate "2019.07.20"]
[EventType "swiss"]
[EventRounds "9"]
[EventCountry "FRA"]
[SourceTitle "EXT 2020"]
[Source "ChessBase"]
[SourceDate "2019.10.17"]
[SourceVersion "1"]
[SourceVersionDate "2019.10.17"]
[SourceQuality "1"]

1. d4 Nf6 2. c4 e6 3. Nf3 b6 4. g3 Ba6 5. b3 Bb4+ 6. Bd2 Be7 7. Nc3 d5 8. cxd5 exd5 9. Bg2 0-0 10. 0-0 Bb7 11. Rc1 Na6 12. Bg5 h6 13. Bxf6 Bxf6 14. Ne5 c5 15. f4 Be7 16. Kh1 Nc7 17. Rc2 Rb8 18. e3 cxd4 19. exd4 Rc8 20. Bh3 Ra8 21. Qh5 Bb4 22. f5 Ne8 23. Ng4 Nf6 24. Qh4 Nxg4 25. Qxg4 Qf6 26. Bg2 Rad8 27. a3 Be7 28. b4 Rc8 29. Rfc1 Qd6 30. h4 Qd7 31. Qf3 Rfd8 32. Kh2 Bf6 33. Qd3 Kh8 34. a4 Rc4 35. Ne2 Qxa4 36. Rxc4 dxc4 37. Qxc4 Ba6 38. Qc2 Qxb4 39. d5 Rc8 40. Qd1 Be5 41. Kh3 Rxc1 42. Nxc1 Qc3 43. Bf3 Bd6 44. Ne2 0-1

[Event "FRA-ch Accession"]
[Site "Agen"]
[Date "2017.08.19"]
[Round "1"]
[White "De Lussac, Rainier"]
[Black "Gatineau, Yovann"]
[Result "0-1"]
[WhiteElo "2149"]
[BlackElo "2281"]
[PlyCount "106"]
[EventDate "2017.08.19"]
[EventType "swiss"]
[EventRounds "9"]
[EventCountry "FRA"]
[SourceTitle "EXT 2019"]
[Source "ChessBase"]
[SourceDate "2018.10.10"]
[SourceVersion "1"]
[SourceVersionDate "2018.10.10"]
[SourceQuality "1"]

1. d4 Nf6 2. Nf3 g6 3. Nc3 d5 4. Bf4 c6 5. e3 Bf5 6. Be2 Bg7 7. Ne5 Nbd7 8. g4 Be6 9. Qd3 Ne4 10. f3 Nd6 11. 0-0-0 Nb6 12. h4 f6 13. Nxg6 hxg6 14. Qxg6+ Kf8 15. h5 Bf7 16. Qd3 e5 17. Bg3 Qe7 18. b3 Re8 19. Rde1 Bg8 20. Kb1 Bh7 21. Qd1 Ndc4 22. Bxc4 Nxc4 23. h6 Bxh6 24. Rxh6 Bxc2+ 25. Qxc2 Na3+ 26. Kb2 Rxh6 27. Qf5 Nb5 28. Nxb5 cxb5 29. Bxe5 Qh7 30. Bd6+ Kg8 31. Qxd5+ Kh8 32. Rc1 Rd8 33. g5 Rh2+ 34. Bxh2 Qxh2+ 35. Rc2 Qxc2+ 36. Kxc2 Rxd5 37. gxf6 Rf5 38. f4 Kg8 39. Kd3 Kf7 40. Ke4 Ke6 41. Kf3 Rxf6 42. e4 Rh6 43. f5+ Ke7 44. e5 Rh4 45. d5 a5 46. Ke3 a4 47. Kd3 axb3 48. axb3 Rb4 49. Ke3 Rxb3+ 50. Kd4 Rb1 51. d6+ Kd7 52. Kd5 Rd1+ 53. Kc5 b6+ 0-1

[Event "FRA-ch op-A"]
[Site "Agen"]
[Date "2016.08.17"]
[Round "5"]
[White "De Lussac, Rainier"]
[Black "Ronce, Nathan"]
[Result "1-0"]
[WhiteElo "2099"]
[BlackElo "2122"]
[PlyCount "57"]
[EventDate "2016.08.12"]
[EventType "swiss"]
[EventRounds "9"]
[EventCountry "FRA"]
[SourceTitle "EXT 2017"]
[Source "ChessBase"]
[SourceDate "2016.10.25"]
[SourceVersion "1"]
[SourceVersionDate "2016.10.25"]
[SourceQuality "1"]

1. d4 Nf6 2. Nf3 c5 3. c4 cxd4 4. Nxd4 e5 5. Nb5 d5 6. cxd5 Bc5 7. e3 0-0 8. N5c3 e4 9. Be2 Qe7 10. a3 Rd8 11. b4 Bd6 12. Bb2 Be5 13. Qb3 Bf5 14. Nd2 Nbd7 15. Nc4 Rac8 16. Rd1 Ne8 17. Nb5 Bb8 18. g4 Bg6 19. h4 h6 20. d6 Qf8 21. h5 Bh7 22. g5 hxg5 23. Bg4 a6 24. Ne5 Nef6 25. Nxf7 axb5 26. Nxd8+ Rc4 27. Be6+ Kh8 28. Nf7+ Kg8 29. Nxg5+ 1-0

[Event "Avoine op 31st"]
[Site "Avoine"]
[Date "2016.07.26"]
[Round "4"]
[White "De Lussac, Rainier"]
[Black "Mancini, Mario"]
[Result "0-1"]
[WhiteElo "2121"]
[BlackElo "2278"]
[PlyCount "138"]
[EventDate "2016.07.23"]
[EventType "swiss"]
[EventRounds "9"]
[EventCountry "FRA"]
[SourceTitle "CBM 173 Extra"]
[Source "ChessBase"]
[SourceDate "2016.08.29"]
[SourceVersion "1"]
[SourceVersionDate "2016.08.29"]
[SourceQuality "1"]

1. d4 Nf6 2. Nf3 e6 3. c4 Nc6 4. g3 Bb4+ 5. Bd2 Qe7 6. Nc3 0-0 7. Bg2 d6 8. a3 Bxc3 9. Bxc3 a5 10. b4 Ne4 11. Bb2 axb4 12. 0-0 bxa3 13. Rxa3 Rxa3 14. Bxa3 e5 15. dxe5 Nxe5 16. Qd5 Nd7 17. Nd4 Ndc5 18. Rc1 c6 19. Qh5 Qf6 20. Nf3 Bf5 21. Qh4 Qxh4 22. Nxh4 Be6 23. Bxe4 Nxe4 24. f3 Ra8 25. Bb4 c5 26. Be1 Nf6 27. Ng2 Kf8 28. Ne3 Nd7 29. Rb1 b6 30. g4 Ra4 31. Bg3 Ke7 32. Rd1 Ne5 33. Rb1 Rb4 34. Rd1 g5 35. Kf2 Rb2 36. h4 h6 37. f4 Nxg4+ 38. Nxg4 Bxg4 39. fxg5 Rxe2+ 40. Kf1 hxg5 41. Bxd6+ Kf6 42. hxg5+ Kxg5 43. Bc7 Re6 44. Rb1 Be2+ 45. Kf2 Bxc4 46. Bxb6 Rc6 47. Bd8+ Kf4 48. Rb7 Ke4 49. Rc7 Rxc7 50. Bxc7 Bb5 51. Ke1 Kd3 52. Kd1 f5 53. Kc1 c4 54. Bd6 Ba4 55. Bc7 c3 56. Be5 c2 57. Bd6 Bc6 58. Bb8 Be4 59. Bd6 Ke3 60. Bc5+ Ke2 61. Bd6 Bd3 62. Bc7 Be4 63. Bd6 Kf3 64. Kd2 f4 65. Be5 Kg4 66. Bb2 Kg3 67. Ke1 Kg2 68. Bc1 f3 69. Be3 f2+ 0-1

[Event "Cappelle op 32nd"]
[Site "Cappelle la Grande"]
[Date "2016.02.16"]
[Round "5"]
[White "Gurevich, Mikhail"]
[Black "De Lussac, Rainier"]
[Result "1-0"]
[WhiteElo "2542"]
[BlackElo "2131"]
[PlyCount "69"]
[EventDate "2016.02.13"]
[EventType "swiss"]
[EventRounds "9"]
[EventCountry "FRA"]
[SourceTitle "EXT 2017"]
[Source "ChessBase"]
[SourceDate "2016.10.25"]
[SourceVersion "1"]
[SourceVersionDate "2016.10.25"]
[SourceQuality "1"]

1. c4 Nf6 2. Nc3 e5 3. Nf3 Nc6 4. a3 d6 5. d3 h6 6. g3 g6 7. Bg2 Bg7 8. 0-0 0-0 9. b4 Be6 10. b5 Ne7 11. a4 Nh5 12. Ba3 Qd7 13. c5 d5 14. d4 e4 15. c6 bxc6 16. Ne5 Bxe5 17. dxe5 Rfe8 18. Qc1 g5 19. Rd1 Bh3 20. bxc6 Qg4 21. Bxh3 Qxh3 22. Bxe7 Rxe7 23. Rxd5 Rae8 24. Qd2 Rxe5 25. Rxe5 Rxe5 26. Qd8+ Kh7 27. Qxc7 Rf5 28. Nxe4 Nf4 29. gxf4 Qg4+ 30. Ng3 gxf4 31. Qd7 fxg3 32. hxg3 Rf4 33. Kg2 Rxa4 34. Qxg4 Rxg4 35. Rc1 1-0

[Event "Sables d'Olonne op 2nd"]
[Site "Sables d'Olonne"]
[Date "2015.07.12"]
[Round "2"]
[White "De Lussac, Rainier"]
[Black "Riff, Jean Noel"]
[Result "0-1"]
[WhiteElo "2065"]
[BlackElo "2502"]
[PlyCount "78"]
[EventDate "2015.07.11"]
[EventType "swiss"]
[EventRounds "9"]
[EventCountry "FRA"]
[SourceTitle "CBM 167 Extra"]
[Source "ChessBase"]
[SourceDate "2015.09.14"]
[SourceVersion "1"]
[SourceVersionDate "2015.09.14"]
[SourceQuality "1"]

1. d4 e6 2. Nf3 c5 3. e3 Nf6 4. Nbd2 d5 5. c3 Nc6 6. Bd3 Bd6 7. dxc5 Bxc5 8. b4 Bd6 9. Bb2 Bd7 10. a3 Rc8 11. Rc1 a5 12. b5 Ne5 13. Nxe5 Bxe5 14. Nf3 Bd6 15. c4 dxc4 16. Bxc4 Qe7 17. Qb3 0-0 18. 0-0 e5 19. Rfd1 Bg4 20. Bxf7+ Rxf7 21. Rxc8+ Bxc8 22. Ng5 Ne8 23. Nxf7 Qxf7 24. Qc3 Bg4 25. f3 Bd7 26. a4 b6 27. Qd3 Bf5 28. Qc3 h6 29. Qc6 Bc5 30. Rd8 Bxe3+ 31. Kh1 Bg6 32. Bxe5 Qf5 33. Rxe8+ Kh7 34. g4 Qb1+ 35. Kg2 Qg1+ 36. Kh3 Qf1+ 37. Kg3 Qf2+ 38. Kh3 Bxe8 39. Bg3 Qf1+ 0-1